All Logic Albums - Statistics

General Stats
  • This quiz has been taken 5 times
  • The average score is 14 of 28
Answer Stats
Albums % Correct
Bobby Tarantino
100%
Bobby Tarantino II
100%
Bobby Tarantino III
100%
Confessions of a Dangerous Mind
100%
No Pressure
100%
The Incredible True Story
100%
Under Pressure
100%
Vinyl Days
100%
Young Sinatra
100%
YSIV
100%
College Park
67%
Everybody
67%
Supermarket
67%
Peanuts
33%
Planetory Destruction
33%
Young, Broke & Infamous
33%
Young Sinatra: Undeniable
33%
Young Sinatra: Welcome to Forever
33%
YS Collection Vol. 1
33%
3P
0%
Fantastic Beats and Where To Find Them
0%
Inglorious Basterd
0%
Loopin the 1st
0%
Loopin the 2nd
0%
Loopin the 3rd
0%
Picnic
0%
Psychological: The Mixtape
0%
Super Microphonus
0%
No matching quizzes found
Score Distribution
Percent of People with Each Score
Percentile by Number Answered
Your Score History
You have not taken this quiz